| 000 | 00725cam a2200217 4500 | ||
|---|---|---|---|
| 001 | M91552 | ||
| 008 | 090401t1998 xxu||||| |||| 00| 0 eng d | ||
| 035 | _a(Sirsi) u99386 | ||
| 041 | _aeng | ||
| 110 |
_aRoyal Institution of Chartered Surveyors _94900 |
||
| 245 | _aRegeneration programmes : the way foward. | ||
| 260 |
_aLondon _bRICS _c1998 |
||
| 300 | _a3p. ; 30cm. | ||
| 350 | _a0 | ||
| 490 |
_aRICS Policy Unit Submission _vPU/SUB/012 |
||
| 520 | _aResponse to the discussion paper Regeneration Programes: the Way Foward issued by the DETR. Available from the Internet at http://www.rics.org.uk/parliament/ | ||
| 650 | _aREGENERATION PROGRAMMES | ||
| 690 | _aURBAN RENEWAL | ||
| 942 | _n0 | ||
| 948 | _c07/05/1998 | ||
| 999 |
_c99295 _d99295 |
||